[Event "AUT-ch U12"]
[Site "Woerth"]
[Date "2015.05.25"]
[Round "6.10"]
[White "Bertel, Tobias"]
[Black "Segal, Anton"]
[Result "1/2-1/2"]
[WhiteElo "1289"]
[BlackElo "1532"]
[PlyCount "61"]
[EventDate "2015.05.23"]
[EventType "swiss"]
[EventRounds "7"]
[EventCountry "AUT"]
[SourceTitle "EXT 2024"]
[Source "ChessBase"]
[SourceDate "2023.10.10"]
[SourceVersion "1"]
[SourceVersionDate "2023.10.10"]
[SourceQuality "1"]

1. e4 d6 2. d4 Nf6 3. Nc3 Nbd7 4. g4 h6 5. h3 e5 6. Nge2 Be7 7. Bg2 c6 8. Be3 Nb6 9. b3 exd4 10. Bxd4 0-0 11. Nf4 Re8 12. Qf3 d5 13. 0-0-0 dxe4 14. Nxe4 Nxe4 15. Qxe4 Ba3+ 16. Bb2 Bd6 17. Qd4 Bxf4+ 18. Qxf4 Qg5 19. Qxg5 hxg5 20. h4 Bxg4 21. Rd4 Bf5 22. hxg5 Rad8 23. Rdh4 f6 24. gxf6 gxf6 25. Bxf6 Rb8 26. Rh5 Bg6 27. Rg5 Kf7 28. Rh6 Rg8 29. Bd4 Rbe8 30. c4 Re2 31. a4 1/2-1/2

[Event "AUT-ch U12"]
[Site "Woerth"]
[Date "2015.05.23"]
[Round "1.10"]
[White "Koglbauer, Til"]
[Black "Segal, Anton"]
[Result "0-1"]
[WhiteElo "1203"]
[BlackElo "1532"]
[PlyCount "70"]
[EventDate "2015.05.23"]
[EventType "swiss"]
[EventRounds "7"]
[EventCountry "AUT"]
[SourceTitle "EXT 2024"]
[Source "ChessBase"]
[SourceDate "2023.10.10"]
[SourceVersion "1"]
[SourceVersionDate "2023.10.10"]
[SourceQuality "1"]

1. e4 d6 2. Nc3 Nf6 3. Bc4 e5 4. d3 Be7 5. Nf3 0-0 6. 0-0 Nbd7 7. Bg5 c6 8. Qd2 b5 9. Bb3 Bb7 10. d4 a5 11. a4 b4 12. Ne2 Nxe4 13. Bxe7 Nxd2 14. Bxd8 Nxf3+ 15. gxf3 Raxd8 16. Rad1 d5 17. Ng3 exd4 18. Rxd4 Ne5 19. Kg2 c5 20. Rh4 Ng6 21. Rh5 Nf4+ 22. Kg1 Nxh5 23. Nxh5 c4 24. Ba2 Rfe8 25. Kh1 Re2 26. Rg1 g6 27. Nf6+ Kg7 28. Nh5+ Kf8 29. Nf6 h5 30. Nh7+ Ke7 31. Ng5 f6 32. Nh7 d4 33. Bxc4 Bxf3+ 34. Rg2 Re1+ 35. Bf1 Rxf1# 0-1

[Event "AUT-ch U12"]
[Site "Woerth"]
[Date "2015.05.23"]
[Round "2.3"]
[White "Segal, Anton"]
[Black "Morgunov, Marc"]
[Result "0-1"]
[WhiteElo "1532"]
[BlackElo "1831"]
[PlyCount "85"]
[EventDate "2015.05.23"]
[EventType "swiss"]
[EventRounds "7"]
[EventCountry "AUT"]
[SourceTitle "EXT 2024"]
[Source "ChessBase"]
[SourceDate "2023.10.10"]
[SourceVersion "1"]
[SourceVersionDate "2023.10.10"]
[SourceQuality "1"]

1. e4 c5 2. Nf3 e6 3. d4 cxd4 4. Nxd4 a6 5. a4 Nf6 6. Nd2 Bc5 7. N4b3 Ba7 8. Bd3 Qc7 9. 0-0 0-0 10. Re1 Nc6 11. c4 Ne5 12. Nf1 Nxd3 13. Qxd3 Ng4 14. Re2 Ne5 15. Qd1 Qxc4 16. Be3 Bxe3 17. Rxe3 f5 18. Ng3 f4 19. Rc3 Qb4 20. Ne2 Qxe4 21. f3 Qg6 22. Qd4 Qg5 23. Nc5 Nc6 24. Qd2 d5 25. Nd3 e5 26. Nc5 d4 27. Rd3 Bf5 28. Rda3 Ne7 29. Rc1 Nd5 30. Ng3 Ne3 31. Nxf5 Rxf5 32. Nxb7 Rf6 33. b4 e4 34. fxe4 f3 35. Rxe3 f2+ 36. Kf1 dxe3 37. Qa2+ Kh8 38. Qe2 Rb6 39. Nc5 Rxb4 40. Nxa6 Rxa4 41. Qc2 Qb5+ 42. Qe2 Qxe2+ 43. Kxe2 0-1

[Event "AUT-ch U10"]
[Site "Linz"]
[Date "2013.05.31"]
[Round "1"]
[White "Segal, Anton"]
[Black "Schmidt, Florian1111"]
[Result "0-1"]
[WhiteElo "1301"]
[BlackElo "1097"]
[PlyCount "68"]
[EventDate "2013.05.31"]
[EventType "swiss"]
[EventRounds "7"]
[EventCountry "AUT"]
[SourceTitle "EXT 2015"]
[Source "ChessBase"]
[SourceDate "2014.11.20"]
[SourceVersion "1"]
[SourceVersionDate "2014.11.20"]
[SourceQuality "1"]

1. d4 d5 2. c4 e6 3. Nc3 Nf6 4. Bg5 c5 5. dxc5 Bxc5 6. e3 Be7 7. Nf3 Nc6 8. cxd5 exd5 9. Bb5 Be6 10. Ne5 Rc8 11. Qa4 Qd6 12. Bf4 a6 13. Nxc6 axb5 14. Bxd6 bxa4 15. Nxe7 Rd8 16. Nb5 Ne4 17. Nc7+ Kd7 18. Nxe6 fxe6 19. Bb4 Nd6 20. Nxd5 exd5 21. 0-0-0 Rc8+ 22. Kb1 Rc4 23. Bc3 Ke6 24. Bxg7 Rg8 25. Bd4 Rxg2 26. Rdg1 Rxg1+ 27. Rxg1 Nf5 28. Rc1 Nxd4 29. exd4 Rxd4 30. Rc7 Rd2 31. Rxb7 Rxf2 32. Rxh7 d4 33. Ra7 d3 34. Rxa4 Rf1# 0-1

[Event "AUT-ch U10"]
[Site "Schladming"]
[Date "2012.06.09"]
[Round "5.8"]
[White "Segal, Anton"]
[Black "Sonderegger, Jannick"]
[Result "1-0"]
[WhiteElo "1291"]
[BlackElo "1261"]
[PlyCount "99"]
[EventDate "2012.06.08"]
[EventType "swiss"]
[EventRounds "7"]
[EventCountry "AUT"]
[SourceTitle "EXT 2024"]
[Source "ChessBase"]
[SourceDate "2023.10.10"]
[SourceVersion "1"]
[SourceVersionDate "2023.10.10"]
[SourceQuality "1"]

1. d4 d5 2. c4 dxc4 3. e4 Nf6 4. Nc3 e6 5. Bxc4 c5 6. Nf3 a6 7. Bg5 Nbd7 8. e5 h6 9. Bh4 g5 10. Nxg5 hxg5 11. Bxg5 b5 12. Bb3 Rg8 13. Bxf6 Nxf6 14. exf6 Bb7 15. Rg1 Bxg2 16. dxc5 Qxd1+ 17. Nxd1 Bxc5 18. Rc1 Bd6 19. Ne3 Bxh2 20. Rxg2 Rxg2 21. Nxg2 Be5 22. Rc2 Bxf6 23. Ke2 a5 24. a3 a4 25. Ba2 Kd7 26. Kf3 Rg8 27. Rd2+ Ke7 28. Ne3 Bg5 29. Ke4 Rc8 30. Rc2 Rd8 31. Rc5 Bf6 32. Rxb5 Rd2 33. f4 Bxb2 34. Nc4 Rd5 35. Rb7+ Rd7 36. Rxd7+ Kxd7 37. Nxb2 f5+ 38. Ke5 Ke7 39. Bxe6 Kd8 40. Nxa4 Kc7 41. Kxf5 Kd6 42. Nc5 Ke7 43. a4 Kd6 44. Kf6 Kxc5 45. Bc4 Kxc4 46. Ke7 Kb4 47. f5 Kxa4 48. f6 Kb4 49. f7 Kc4 50. f8Q 1-0

[Event "Vienna Activity Jugend Cup 1st"]
[Site "Vienna"]
[Date "2012.02.06"]
[Round "2.4"]
[White "Konecny, Sophie"]
[Black "Segal, Anton"]
[Result "1-0"]
[WhiteElo "1086"]
[BlackElo "1245"]
[PlyCount "53"]
[EventDate "2012.02.05"]
[EventType "swiss"]
[EventRounds "5"]
[EventCountry "AUT"]
[SourceTitle "EXT 2024"]
[Source "ChessBase"]
[SourceDate "2023.10.10"]
[SourceVersion "1"]
[SourceVersionDate "2023.10.10"]
[SourceQuality "1"]

1. e4 e6 2. d4 d5 3. Nc3 c5 4. Nf3 Nc6 5. Bb5 Nge7 6. dxc5 Qa5 7. Bxc6+ bxc6 8. 0-0 Qxc5 9. Ne5 dxe4 10. Bf4 g5 11. Nxe4 Qb4 12. Nxg5 Nd5 13. Nd3 Qc4 14. b3 Qd4 15. Be5 Qh4 16. Bxh8 Qxg5 17. c4 Nc3 18. Bxc3 e5 19. Nxe5 Bh3 20. Qf3 Be6 21. Qxc6+ Ke7 22. Qxa8 Bg7 23. Qxa7+ Kd6 24. Nf3 Qg6 25. Bxg7 Bh3 26. Rfd1+ Ke6 27. Qd7# 1-0